Statystyki dla Państwa Himalajów

Kliknij tutaj aby rozwiązać quiz!

Ogólne statystyki

  • Ten quiz został rozwiązany 28 822 razy
    (28 502 od ostatniego zresetowania)
  • Średni wynik to 5 z 6

Statystyki odpowiedzi

Państwo% Poprawnych
Chiny
98%
Nepal
94%
Indie
93%
Bhutan
78%
Pakistan
76%
Mjanma
49%

Rozkład punktacji

Percentyl według liczby udzielonych odpowiedzi

Procent ludzi z każdym wynikiem

Twoja historia wyników

Nie rozwiązałeś tego quizu od ostatniego zresetowania